[Event "EU-ch blitz"]
[Site "Katowice"]
[Date "2017.12.15"]
[Round "22"]
[White "Jahncke, Giso"]
[Black "Dorokhin, Mykhailo"]
[Result "0-1"]
[WhiteElo "2403"]
[BlackElo "2243"]
[PlyCount "84"]
[EventDate "2017.12.15"]
[EventType "swiss (blitz)"]
[EventRounds "22"]
[EventCountry "POL"]
[SourceTitle "CBM 182 Extra"]
[Source "ChessBase"]
[SourceDate "2018.02.23"]
[SourceVersion "1"]
[SourceVersionDate "2018.02.23"]
[SourceQuality "1"]

1. Nf3 d5 2. c4 dxc4 3. Na3 c6 4. Nxc4 g6 5. g3 Bg7 6. Bg2 Nf6 7. 0-0 0-0 8. Re1 Nbd7 9. e4 Nb6 10. Na5 Qd3 11. Bf1 Qd8 12. d4 Nfd7 13. e5 Nb8 14. h3 Nd5 15. Nc4 Na6 16. Bg5 h6 17. Bd2 Nac7 18. Nh4 Ne6 19. Ba5 b6 20. Bc3 Bb7 21. f4 c5 22. dxc5 Nxc3 23. bxc3 Nxc5 24. f5 Ne4 25. Qg4 Ng5 26. Rad1 Qc7 27. Ne3 Bxe5 28. fxg6 fxg6 29. Bc4+ Kg7 30. Nd5 Bxd5 31. Bxd5 Bxg3 32. Qd4+ Kh7 33. Re2 Bxh4 34. Qxh4 e6 35. Bg2 Rf4 36. Qg3 Rf1+ 37. Kxf1 Qxg3 38. Rd7+ Kh8 39. Red2 Rf8+ 40. Kg1 Nf3+ 41. Kf1 Nxd2+ 42. Ke2 Qxg2+ 0-1

[Event "EU-ch blitz"]
[Site "Katowice"]
[Date "2017.12.15"]
[Round "10"]
[White "Jahncke, Giso"]
[Black "Koziol, Kamil"]
[Result "1-0"]
[WhiteElo "2403"]
[BlackElo "2305"]
[PlyCount "79"]
[EventDate "2017.12.15"]
[EventType "swiss (blitz)"]
[EventRounds "22"]
[EventCountry "POL"]
[SourceTitle "CBM 182 Extra"]
[Source "ChessBase"]
[SourceDate "2018.02.23"]
[SourceVersion "1"]
[SourceVersionDate "2018.02.23"]
[SourceQuality "1"]

1. Nf3 Nf6 2. c4 e6 3. g3 d5 4. Bg2 dxc4 5. Na3 Be7 6. Nxc4 0-0 7. 0-0 c5 8. b3 Bd7 9. Nfe5 Nc6 10. Nxd7 Qxd7 11. Bb2 Rfd8 12. d3 Rac8 13. Rc1 b6 14. Ne5 Nxe5 15. Bxe5 Nd5 16. Qc2 Bf6 17. Qb2 Bxe5 18. Qxe5 Ne7 19. Rfd1 Nf5 20. e3 h6 21. a3 Qd6 22. Qb2 Rc7 23. b4 cxb4 24. Rxc7 Qxc7 25. axb4 a5 26. d4 Nd6 27. Rc1 Qa7 28. b5 Rc8 29. Bc6 Nf5 30. e4 Ne7 31. d5 exd5 32. exd5 Rd8 33. Qe5 a4 34. d6 Ng6 35. Qd5 Qb8 36. d7 Qa7 37. Re1 a3 38. Re8+ Kh7 39. Qxf7 Ne7 40. Be4+ 1-0